Elements of biblical exegesis : (Record no. 11317)
[ view plain ]
| 000 -LEADER | |
|---|---|
| fixed length control field | 01649cam a22003254i 4500 |
| 001 - CONTROL NUMBER | |
| control field | 696438333 |
| 003 - CONTROL NUMBER IDENTIFIER | |
| control field | OCoLC |
| 005 - DATE AND TIME OF LATEST TRANSACTION | |
| control field | 20250306042129.0 |
| 008 - FIXED-LENGTH DATA ELEMENTS--GENERAL INFORMATION | |
| fixed length control field | 110112r20102009miu b 001 0 eng |
| 020 ## - INTERNATIONAL STANDARD BOOK NUMBER | |
| International Standard Book Number | 9780801046407 |
| 020 ## - INTERNATIONAL STANDARD BOOK NUMBER | |
| International Standard Book Number | 0801046408 |
| 035 ## - SYSTEM CONTROL NUMBER | |
| System control number | (OCoLC)696438333 |
| 040 ## - CATALOGING SOURCE | |
| Original cataloging agency | OXF |
| Language of cataloging | eng |
| Description conventions | rda |
| Transcribing agency | OXF |
| Modifying agency | OXF |
| -- | YDXCP |
| -- | PCJ |
| 082 ## - DEWEY DECIMAL CLASSIFICATION NUMBER | |
| Classification number | 220.601 |
| Item number | G671E |
| 090 ## - LOCALLY ASSIGNED LC-TYPE CALL NUMBER (OCLC); LOCAL CALL NUMBER (RLIN) | |
| Classification number (OCLC) (R) ; Classification number, CALL (RLIN) (NR) | BS511.3 |
| Local cutter number (OCLC) ; Book number/undivided call number, CALL (RLIN) | .G67 2010 |
| 092 ## - LOCALLY ASSIGNED DEWEY CALL NUMBER (OCLC) | |
| Classification number | 220.601 |
| Item number | G671E |
| 100 1# - MAIN ENTRY--PERSONAL NAME | |
| Personal name | Gorman, Michael J., |
| Dates associated with a name | 1955- |
| Authority record control number or standard number | https://id.loc.gov/authorities/names/n82096046 |
| 9 (RLIN) | 460 |
| 245 10 - TITLE STATEMENT | |
| Title | Elements of biblical exegesis : |
| Remainder of title | a basic guide for students and ministers / |
| Statement of responsibility, etc. | Michael J. Gorman. |
| 250 ## - EDITION STATEMENT | |
| Edition statement | Revised and expanded edition. |
| 264 #1 - PRODUCTION, PUBLICATION, DISTRIBUTION, MANUFACTURE, AND COPYRIGHT NOTICE | |
| Place of production, publication, distribution, manufacture | Grand Rapids, Mich. : |
| Name of producer, publisher, distributor, manufacturer | Baker Academic, |
| Date of production, publication, distribution, manufacture, or copyright notice | 2010. |
| 300 ## - PHYSICAL DESCRIPTION | |
| Extent | xii, 286 pages ; |
| Dimensions | 23 cm |
| 336 ## - CONTENT TYPE | |
| Content type term | text |
| Content type code | txt |
| Source | rdacontent |
| 337 ## - MEDIA TYPE | |
| Media type term | unmediated |
| Media type code | n |
| Source | rdamedia |
| 338 ## - CARRIER TYPE | |
| Carrier type term | volume |
| Carrier type code | nc |
| Source | rdacarrier |
| 500 ## - GENERAL NOTE | |
| General note | Previously published: Hendrickson Publishers, c2009. |
| 504 ## - BIBLIOGRAPHY, ETC. NOTE | |
| Bibliography, etc. note | Includes bibliographical references and index. |
| 505 0# - FORMATTED CONTENTS NOTE | |
| Formatted contents note | Introduction (revised and expanded edition) -- Introduction (first edition) -- The task -- The text -- Survey (1st element) -- Contextual analysis (2nd element) -- Formal analysis (3rd element) -- Detailed analysis of the text (4th element) -- Synthesis (5th element) -- Reflection: Theological interpretation (6th element) -- Expansion and refinement of the exegesis (7th element) -- Exegesis and the exegete : errors to avoid, discoveries to make -- Resources for exegesis. |
| 630 00 - SUBJECT ADDED ENTRY--UNIFORM TITLE | |
| Uniform title | Bible |
| General subdivision | Criticism, interpretation, etc. |
| Authority record control number or standard number | https://id.loc.gov/authorities/subjects/sh85013617 |
| 9 (RLIN) | 142 |
| 942 ## - ADDED ENTRY ELEMENTS (KOHA) | |
| Source of classification or shelving scheme | Dewey Decimal Classification |
| Koha item type | Books |
| Withdrawn status | Lost status | Source of classification or shelving scheme | Damaged status | Not for loan | Collection code | Home library | Current library | Shelving location | Date acquired | Total Checkouts | Full call number | Barcode | Date last seen | Price effective from | Koha item type |
|---|---|---|---|---|---|---|---|---|---|---|---|---|---|---|---|
| Dewey Decimal Classification | Non-fiction | Harvest Mission College | Harvest Mission College | General Stacks | 06.03.2025 | 220.601 G671E | 013272 | 06.03.2025 | 06.03.2025 | Books |
